000 00699nam a2200241 i 4500
001 IT\ICCU\REA\0041675
003 ItRI
005 20260415150113.0
008 980416s1998 it |||||| ||||| |||||c
015 _2IT
_a98-7907
020 _a8811661625
040 _bita
_carcigay brescia
041 7 _aita
_2ISO-639-2
082 _a813.54
_220
100 1 _aBayer, William
_0IT\ICCU\LO1V\088042
_4aut
240 1 4 _aThe magicianʼs tale.
_9Bayer, William
245 1 3 _aIl racconto del mago /
_cDavid Hunt.
260 _a[Milano] :
_bGarzanti,
_c1998
300 _a410 p. ;
_c22 cm
500 _aTrad. di Alberto Cristofori.
830 0 _aNarratori moderni
_0IT\ICCU\CFI\0000081
942 _2ddc
_cBK
999 _c24331
_d24331